| 000 | 01487nam a22002417a 4500 | ||
|---|---|---|---|
| 999 |
_c63765 _d63765 |
||
| 003 | Ge_BSU | ||
| 005 | 20260109194045.0 | ||
| 008 | 260109s1979 ge ||||| |||| 00| 0 geo d | ||
| 041 | _ageo | ||
| 080 | _a911.3:33(100)(075.3) ს-17 | ||
| 245 |
_aსაზღვარგარეთის ქვეყნების ეკონომიკური გეოგრაფია : _bსაშ. სკოლის მე-9 კლ. სახელმძღვ. / _cვ.პ. მაქსაკოვსკის რედ. ; ა.გ. არტემიევა, ვ.პ. მაქსაკოვსკი, ს.ნ. რაკოვსკი და სხვა. |
||
| 250 | _aმე-5 გამოცემა | ||
| 264 |
_aთბ. : _b განათლება, _c1979. |
||
| 300 |
_a415 გვ. : _b ილ. ; _c22 სმ. |
||
| 653 | _aსაზღვარგარეთის ქვეყნების ეკონომიკური გეოგრაფია | ||
| 700 |
_aარტემიევა, ა.გ. _eავტორი _926639 |
||
| 700 |
_aმაქსაკოვსკი, ვ.პ. _eავტორი _926640 |
||
| 700 |
_aრაკოვსკი, ს.ნ. _eავტორი _926641 |
||
| 700 |
_aსმიდოვიჩი, ი.ნ. _eავტორი _926644 |
||
| 700 |
_aსოლოვიოვა, მ.ბ. _926643 |
||
| 700 |
_aმაქსაკოვსკი, ვ.პ. _eრედაქტორი _926640 |
||
| 942 |
_2udc _cᲬᲘᲒᲜᲘ |
||